000 00551nam a2200181Ia 4500
005 20260601193250.0
008 260601s9999||||xx |||||||||||||| ||und||
020 _a978-3-031-65630-9
_qebk
100 _aArie Gurfinkel
245 0 _aComputer Aided Verification
250 _a2024
260 _aHeidelberg, Germany
_bSpringer Nature
_c2024
440 _aLecture Notes in Computer Science
650 _aComputer Science
700 _aVijay Ganesh
856 _uhttps://link.springer.com/openurl?genre=book&isbn=978-3-031-65630-9
942 _cEB
_2ddc
999 _c56687
_d56687